00491nam a22001577a 450000500170000001000150001702000270003203500140005903700130007308200160008610000200010224500800012226000460020227000470024830000380029520220525104933.0 aENG-132814 a9788181715555c1270.00 aEN-116346 bDBAD/PUB a593.6095488 aRaghunathan, C. aCoral and Associated Fauna:bIn Neil Island, south Andaman/cC. Raghunathan aKolkatabZoological Survey of Indiac2020 a253, M-Block, New AliporebKolkatae700053 a148pbAcknowledgementsc24cm(pbk)